| 000 | 00324nam a22001097a 4500 | ||
|---|---|---|---|
| 008 | 140728b xxu||||| |||| 00| 0 eng d | ||
| 050 | _aB765.T54F2 1961 | ||
| 100 |
_aDaquin, S Thomas _911010 |
||
| 245 |
_aParticipation et causalite _cSelon S. Thomas Daquin |
||
| 260 |
_alLouvain _bUnivesitaires de louvain _c1961 |
||
| 999 |
_c120766 _d120766 |
||